| 000 | 01073nam a22003377a 4500 | ||
|---|---|---|---|
| 001 | BR7906644 | ||
| 003 | BR-BrBNA | ||
| 005 | 20230928090209.0 | ||
| 007 | ta | ||
| 008 | 230509b bl.||||| |||| 00| 0 por d | ||
| 040 |
_aBR-BrBNA _bpor _cBiblioteca Nacional de Agricultura |
||
| 041 | _a(Por) | ||
| 072 |
_aE15; N10; E70 _b0150 _b/G514 |
||
| 090 | _ 0150 BR7906644 | ||
| 110 | 1 | _aInstituto Rio Grandense do Arroz, Porto Alegre (Brasil) | |
| 111 | 1 |
_a16. Congresso Estadual de Economia Orizicola _cSanta Maria, RS (Brazil) _d15 Jun 1979 |
|
| 245 | 1 | _aDocumento final do 16. Congresso Estadual de Economia Orizicola [Arroz; Oryza sativa; Rio Grande do Sul; Brasil] | |
| 260 | 3 |
_aPorto Alegre, RS (Brasil): _c1979. |
|
| 300 | _a149 p. | ||
| 650 | _aMicroeconomia | ||
| 650 | _aComercializacao | ||
| 650 | _aEquipamento rural | ||
| 650 | _aArroz | ||
| 650 | _aPreco minimo | ||
| 650 | _aEletrificacao rural | ||
| 650 | _aIndustria agricola | ||
| 650 | _aHidrografia | ||
| 650 | _aRio Grande do Sul | ||
| 909 |
_a202309 _bLucia _c55 _dLucia Elande |
||
| 942 | _cBK | ||
| 999 |
_c28051 _d28051 |
||